Famous Tony Quiz Stats

 Plays Quiz Updated May 23, 2019

Score 0/26 Timer 06:00
0 Plays Today
Hint Name % Correct
Enthusiastic cartoon pitchman for Frosted FlakesTony The Tiger
84.4%
Veteran sitcom star of 'Who's The Boss' and 'Taxi'Tony Danza
83.9%
The UK Prime Minister 1997-2007Tony Blair
81.1%
Professional Skateboarder, the first one ever to land a 900Tony Hawk
78.6%
Fictional mob boss on iconic HBO seriesTony Soprano
78.3%
Born Bernard Schwartz, he starred in “The Defiant Ones” and is also Jamie Lee’s DadTony Curtis
72.9%
His character's penchant for fava beans with a nice Chianti won him a Best Actor OscarAnthony Hopkins
71.2%
Some thought his dating Jessica Simpson distracted him from playing QB for the Dallas CowboysTony Romo
68.6%
This Grammy winning crooner left his heart in San FranciscoTony Bennett
67.6%
This 'Desperate Husband' is also a top NBA point guardTony Parker
58.4%
First African-American head coach to win the Super BowlTony Dungy
47.8%
'Say Hello to my Little Friend' was this character’s famous lineTony Montana
47.2%
Played a mentally unstable innkeeper with unhealthy mother issues in a certain 1960 classic filmAnthony Perkins
45.8%
Hint Name % Correct
Hall of Fame MLB player who played his entire 20-year career for the San Diego PadresTony Gwynn
45.7%
Usually played a geeky character in 80's movies, particularly those directed by John HughesAnthony Michael Hall
42.2%
American chef, author, and TV personality; often needs 'No Reservations' for a restaurant table Anthony Bourdain
40.7%
Renowned Motivational and Inspirational speaker; author of 'Unleash The Power Within' Tony Robbins
34.8%
On the TV Series 'The Odd Couple', he played the neat oneTony Randall
34.2%
American auto racing driver and ownerTony Stewart
34.2%
Emmy winner for his role as Adrian Monk on the TV series Monk. Tony Shalhoub
33%
Lead Singer and Founder of the 'Red Hot Chili Peppers' Anthony Kiedis
31.1%
2 Time Academy Award Winner for 'Lust for Life' and 'Viva Zapata!'Anthony Quinn
23.8%
Started out as a vengeful nerd later became a popular TV doctorAnthony Edwards
20.6%
Fox news contributor and White House Press Secretary for George W. Bush; passed away in 2008Tony Snow
17.3%
Associate Justice of the U.S. Supreme Court, appointed by President Ronald Reagan in 1988Anthony Kennedy
14.6%
British actor best known for the role of C-3PO in all six Star Wars filmsAnthony Daniels
14%

You're not logged in!

Compare scores with friends on all Sporcle quizzes.
OR
Log In

Sporcle TV

Today on Sporcle TV


Watch our educational content, quiz creation guides, and fun videos on Sporcle TV.

Show Comments

Extras

Top Quizzes Today


Score Distribution

Your Account Isn't Verified!

In order to create a playlist on Sporcle, you need to verify the email address you used during registration. Go to your Sporcle Settings to finish the process.

Report this User

Report this user for behavior that violates our Community Guidelines.

Details: